| 000 | 01516nam0a2200421 4500 | ||
|---|---|---|---|
| 001 | RU\NLR\BIBL_A\011028575 | ||
| 005 | 20250624173311.0 | ||
| 010 |
_a978-5-17-133235-8 _93000 |
||
| 021 |
_aRU _bКН-П-22-020987 |
||
| 035 | _a(RuMoRGB)011028575 | ||
| 035 | _a(NLR Aleph) 012827359 | ||
| 090 |
_a12343989 _c12343989 |
||
| 100 | _a20220325d2022 |||y0rusy50 ca | ||
| 101 | 1 | _arus | |
| 102 | _aRU | ||
| 105 | _ay 000|y | ||
| 181 | 1 |
_ai _b e |
|
| 182 | 1 | _an | |
| 200 | 1 |
_aКак завладеть миром _eинвестируйте умно и мыслите глобально _fЭндрю Крэйг _gперевод с английского Е. Нуховой |
|
| 203 |
_aТекст _bвизуальный _cнепосредственный |
||
| 210 |
_aМосква _cОГИЗ _cАСТ _d2022 _eТверь |
||
| 215 |
_a397, [1] с. _d22 см. |
||
| 225 | 1 | _aБизнес. Вечные правила | |
| 320 | _aБиблиогр.: с. 384-398 | ||
| 333 | _a12+ | ||
| 606 |
_aБюджет населения _2RuMoRKP |
||
| 606 |
_aЭкономическое поведение _2RuMoRKP |
||
| 606 |
_aИнвестиционный портфель _xУправление _2RuMoRKP |
||
| 675 |
_a336.1 _v4 |
||
| 686 |
_a65.26 _2rubbks |
||
| 700 | 1 |
_aКрэйг _bЭ. _gЭндрю |
|
| 702 | 1 |
_aНухова _bЕ. _4000 |
|
| 801 | 0 |
_aRU _bRuMoRKP _c20220325 _gPSBO |
|
| 801 | 1 |
_aRU _bRuMoRGB _c20220325 |
|
| 801 | 2 |
_aRU _bRuMoRGB _c20220328 _gPSBO |
|
| 942 | _cBOOK | ||
| 980 | _aNB | ||